[Event "World ol U16"]
[Site "Eindhoven"]
[Date "2023.08.15"]
[Round "5.28"]
[White "Jiroajvanichakorn, Rathasart"]
[Black "Mwase, Mathew"]
[Result "0-1"]
[WhiteElo "1407"]
[BlackElo "1676"]
[PlyCount "82"]
[EventDate "2023.08.13"]
[EventType "team-swiss"]
[EventRounds "9"]
[EventCountry "NED"]
[SourceTitle "CBM 215 Extra"]
[Source "ChessBase"]
[SourceDate "2023.09.30"]
[SourceVersion "1"]
[SourceVersionDate "2023.09.30"]
[SourceQuality "1"]
[WhiteTeam "Thailand"]
[BlackTeam "Uganda II"]
[WhiteTeamCountry "THA"]
[BlackTeamCountry "UGA"]

1. e4 c5 2. d4 cxd4 3. c3 Nf6 4. e5 Nd5 5. Qxd4 e6 6. Nf3 Nc6 7. Qe4 f5 8. exf6 Nxf6 9. Qc2 Qc7 10. Bd3 Ne5 11. Nxe5 Qxe5+ 12. Qe2 Qxe2+ 13. Bxe2 Bc5 14. b4 Bb6 15. c4 Bd4 16. Nd2 Bxa1 17. 0-0 Bc3 18. b5 0-0 19. Nb3 d6 20. Be3 Bd7 21. Rc1 Bb2 22. Rc2 Ba3 23. Bf3 Rac8 24. Bxb7 Rc7 25. Bf3 Bxb5 26. Be2 Rfc8 27. Nd2 Ba4 28. Rc3 Bb4 29. Rc1 d5 30. Bf4 Bxd2 31. Bxd2 dxc4 32. Ba5 Rc5 33. Bb4 R5c6 34. Bf3 Rb6 35. a3 c3 36. h4 c2 37. g4 a5 38. Bxa5 Rb1 39. Bd2 Rd8 40. Be3 Rxc1+ 41. Bxc1 Rd1+ 0-1

[Event "Thailand Pattaya U10 op 2nd"]
[Site "Pattaya"]
[Date "2019.10.21"]
[Round "5"]
[White "Jiroajvanichakorn, Rathasart"]
[Black "Megat Mohd Khushair, Megat Musa"]
[Result "0-1"]
[WhiteElo "1030"]
[BlackElo "1313"]
[PlyCount "146"]
[EventDate "2019.10.19"]
[EventType "swiss"]
[EventRounds "9"]
[EventCountry "THA"]
[SourceTitle "CBM 193 Extra"]
[Source "ChessBase"]
[SourceDate "2020.01.31"]
[SourceVersion "1"]
[SourceVersionDate "2020.01.31"]
[SourceQuality "1"]

1. e4 d5 2. exd5 Nf6 3. Nf3 Nxd5 4. d4 Bf5 5. Bc4 Nb6 6. Bb3 e6 7. 0-0 Be7 8. Nc3 0-0 9. a3 Nc6 10. Be3 Re8 11. Qd2 Bf6 12. Ba2 Qd7 13. Rfe1 Rad8 14. Ne2 Bg4 15. c3 Bxf3 16. gxf3 Na5 17. b3 Nd5 18. Bg5 Bxg5 19. Qxg5 Qe7 20. Qxe7 Rxe7 21. Rac1 Nc6 22. b4 a6 23. Bxd5 exd5 24. Nf4 Kf8 25. Rxe7 Nxe7 26. Nd3 b5 27. Nc5 Ra8 28. Nd7+ Ke8 29. Nc5 g6 30. Re1 a5 31. Kg2 axb4 32. axb4 Ra3 33. Rc1 c6 34. f4 h5 35. h4 Nf5 36. Kh3 Nxd4 37. Re1+ Kf8 38. Nd7+ Kg7 39. Rc1 Ne2 40. Rc2 Nxf4+ 41. Kg3 Rxc3+ 42. Rxc3 Ne2+ 43. Kf3 Nxc3 44. Ne5 f6 45. Nxc6 g5 46. Nd4 Kg6 47. hxg5 fxg5 48. Kg3 Na2 49. Nxb5 Nxb4 50. Nd4 Kf6 51. f4 Nd3 52. fxg5+ Kxg5 53. Nf3+ Kf5 54. Nd4+ Ke4 55. Ne6 d4 56. Kh4 Nf4 57. Nc5+ Kd5 58. Nb3 d3 59. Nd2 Kd4 60. Kg5 Ke3 61. Nb3 Kf3 62. Nd2+ Kg3 63. Ne4+ Kf3 64. Nd2+ Ke2 65. Nc4 Ng2 66. Kxh5 Ne3 67. Nxe3 Kxe3 68. Kh4 d2 69. Kh3 d1Q 70. Kg2 Qf3+ 71. Kh2 Qg4 72. Kh1 Kf2 73. Kh2 Qg2# 0-1